1743 1083 1635 1764 1385 1898 1261 1136 1582 1070 1781 1719 1207 1187 1637 1598 1264 1052 1011 1398 1362 1978 1406 1523 1589 1475 1592 1464 1288 1789 1149 1304 1066 1312 1172 1475 1006 1157 1566 1400 1273 1526 1068 1664 1640 1281 1838 1202 1941 1983 1226 1647 1910 1646 1484 1632 1922 1621 1146 1347 1737 1576 1212 1479 1293 1266 1919 1753 1717 1304 1445 1958 1093 1357 1864 1025 1331 1173 1379 1698 1113 1193 1878 1861 1344 1796 1101 1156 1332 1434 1217 1796 1061 1092 1622 1113 1755 1768 1252 BCNSPRNW ULIB Ver.6.0+V

เปลี่ยนเป็นภาษาไทย

Change to English
 แสดงรายละเอียดบรรณานุกรม
  กลับหน้าหลัก

Brief Record : Get Marc (ISO 2709) : E-mail record : QR code < ปิดหน้าต่าง
LEADER : 00000nam 2200000uu 4500
001    13399111127
003     ULIB
008    110616s||||||||th 000 0 tha d
050  4 BF598^bพ361ก 2544
110 1  กระทรวงสาธารณสุข^bสำนักงานปลัดกระทรวงสาธารณสุข^bสถาบันพระบรมราชชนก
245 10 การพัฒนาคุณลักษณะตนเอง หน่วยการเรียนที่ 1 การพัฒนาคุณลักษณะตนเองด้านร่างกาย /^cสถาบันพระบรมราชชนก
260    กรุงเทพฯ :^bสถาบันพระบรมราชชนก,^c2544
300    77 หน้า
650  7 บริหารกาย
650  7 บุคลิกภาพ
945    ^p0^l0^i013595
945    ^p0^l0^i013596
945    ^p0^l0^i013551
995    ทศพร
999 ^a ใช้งานได้ทุกระบบ
รายการนี้ยังไม่มีแท็ก
คุณยังไม่ได้ล็อกอิน คุณสามารถมีกิจกรรมร่วมกับเว็บไซต์ได้ แต่ต้องล็อกอินก่อน ::
  ล็อกอิน

รายการสื่อสารสนเทศ

ลำดับที่ ประเภท เลขเรียก/บาร์โค้ด สถานที่ สถานะ
- ไม่พบข้อมูล -

รายการใกล้เคียง
    หัวเรื่อง [บุคลิกภาพ]

BibComment


ยังไม่เคยถูกคอมเมนท์

คอมเมนท์ทรัพยากรรายการนี้
  คอมเมนท์: การพัฒนาคุณลักษณะ..


 Copyright 2026. Bcnsprnw @Library